000 01140cam a2200301 i 4500
999 _c13956
_d13956
003 OSt
005 20260228115230.0
008 200303s2020 ii ab b 001 0 eng d
020 _a9789383419883
_q(hardback)
042 _alccopycat
_alcode
043 _aa-ii---
082 0 4 _a711.40954
_223
100 1 _aDas Mahapatra, Gaurab,
_eauthor.
245 1 0 _aRe-interpreting urban fabric in cities with living heritage :
_bthe case of central Kolkata /
_cauthor, Gaurab Das Mahapatra ; co-author, Dr. Kshama Puntambekar ; edited by Dr. Tapas Mitra.
300 _ax, 240 pages :
_billustrations, maps ;
_c24 cm
504 _aIncludes bibliographical references (pages 231-236) and index
648 7 _a2000-2099
_2fast
650 0 _aCity planning
_zIndia
_zKolkata.
650 0 _aHistoric preservation
_zIndia
_zKolkata.
650 7 _aCity planning.
_2fast
650 7 _aEconomic history.
_2fast
650 7 _aHistoric preservation.
_2fast
651 0 _aKolkata (India)
_xEconomic conditions
_y21st century.
651 7 _aIndia
_zKolkata.
_2fast
700 1 _aPuntambekar, Kshama,
_eauthor.
700 1 _aMitra, Tapas,
_eeditor.
942 _2ddc